000 01388cam a22003494a 4500
999 _c19595
_d19595
001 13387999
005 20170117100436.0
008 031029s2004 nyua b 001 0 eng
010 _a 2003023845
020 _a0810991241 (pbk.)
041 1 _aeng
_hfre
050 0 0 _aNC998.4 .W4513 2004
100 1 _aWeill, Alain,
_d1946-
240 1 0 _aDesign graphique.
_lEnglish
245 1 0 _aGraphic design :
_ba history /
_cAlain Weill.
260 _aNew York :
_bH.N. Abrams,
_c2004.
300 _a159 p. :
_bill. (some col.) ;
_c18 cm.
490 1 _aDiscoveries
504 _aIncludes bibliographical references (p. 144) and index.
650 0 _aGraphic arts
_xHistory
_y20th century.
650 0 _aGraphic arts
_xHistory
_y19th century.
650 0 _aCommercial art
_xHistory
_y20th century.
650 0 _aCommercial art
_xHistory
_y19th century.
830 0 _aDiscoveries (New York, N.Y.)
856 4 1 _3Table of contents
_uhttp://www.loc.gov/catdir/toc/ecip0410/2003023845.html
942 _2lcc
_cBOOKS